000 00801cam a22002651 4500
001 sa 68019457
003 DLC
005 20260227112717.0
008 940419s1962 io 100 0 eng
010 _asa 68019457
025 _aPL480:Indo-8011
035 _a(OCoLC)30264165
040 _aDLC
_cCU
_dDLC
042 _apremarc
050 0 0 _aS561
_b.P38
100 1 _aPenny, David Harry.
245 1 4 _aThe role of efficiency research in the improvement of estate management
_cby D.H. Penny and S.B. Simandjuntak.
260 _a[Medan?
_c1962?]
300 _a16 p.
_c33 cm.
500 _aAt head of title: Planters Conference, 1962.
500 _aCover.
650 0 _aFarm management.
650 0 _aAgriculture
_xEconomic aspects
_xResearch.
700 1 _aSimandjuntak, S. B.,
_ejoint author.
999 _c88893
_d88893